Défense et politique technologique (notice n° 2224211)
[ vue normale ]
| 000 -LEADER | |
|---|---|
| fixed length control field | 01429cam a2200169 4500500 |
| 005 - DATE AND TIME OF LATEST TRANSACTION | |
| control field | 20260426012531.0 |
| 041 ## - LANGUAGE CODE | |
| Language code of text/sound track or separate title | fre |
| 042 ## - AUTHENTICATION CODE | |
| Authentication code | dc |
| 100 10 - MAIN ENTRY--PERSONAL NAME | |
| Personal name | Serfati, Claude |
| Relator term | author |
| 245 00 - TITLE STATEMENT | |
| Title | Défense et politique technologique |
| 260 ## - PUBLICATION, DISTRIBUTION, ETC. | |
| Date of publication, distribution, etc. | 2005.<br/> |
| 500 ## - GENERAL NOTE | |
| General note | 66 |
| 520 ## - SUMMARY, ETC. | |
| Summary, etc. | Le chapitre revient sur quelques questions essentielles pour comprendre les enjeux de politique technologique et qui concernent les relations entre technologies militaires et civiles. La défense est-elle indispensable à une politique technologique ? Le modèle américain est-il imitable ? Quels enseignements tirer du « cas Internet » ? Les droits de propriété intellectuelle sont-ils la solution ? |
| 520 ## - SUMMARY, ETC. | |
| Summary, etc. | Defence and technological policy, Somme questions in debat The chapter addresses some issues on the relations between military and civilian technologies, many of them are related to governmental technology policy issues. Issues addressed are: Do technology policies have to be focussed in priority on defense missions if they are to be successful? Is the American 'model' duplicable? What lessons can be drawn from the Internet 'case' ? Are the development of Intellectual property rights the best way to improve dualuse technology policies? |
| 786 0# - DATA SOURCE ENTRY | |
| Note | Innovations | 21 | 1 | 2005-03-01 | p. 21-42 | 1267-4982 |
| 856 41 - ELECTRONIC LOCATION AND ACCESS | |
| Uniform Resource Identifier | <a href="https://shs.cairn.info/revue-innovations-2005-1-page-21?lang=fr&redirect-ssocas=7080">https://shs.cairn.info/revue-innovations-2005-1-page-21?lang=fr&redirect-ssocas=7080</a> |
Pas d'exemplaire disponible.




Réseaux sociaux